05363nab a2200349 i 4500003000900000005001700009008004100026040001800067072001400085072001400099100002800113100002900141100002100170100002600191100002200217100002600239100002200265245007000287500006600357520207500423520211602498650001404614650002204628650001404650650002304664650003204687650001804719773017204737856007704909942000804986999001904994BR-BrBNA20250903160603.0250903b2020 bl.qr|pooa||| 00| 0 eng | aBR-BrBNAbeng aF08b1440 aF30b1520 4F01aRibeiro, Jeisy RS  aBezerra Neto, Francisco  aLima, Jailma SS  aChaves, Aridênia P  aSilva, Josimar N  aSantos, Elizangela C  aNunes, Renato LC  aProduction efficiency in cultivar combinations of beet and cowpea a Publicação online; 23 ref.; 3 tables; Summaries (En, Pt) a ABSTRACT: For the simultaneous achievement of productivity in beet and cowpea associations, it is necessary to take into consideration the choice of cultivar combinations that offer a response in terms of production, product quality and efficiency of the intercropping. Thus, the objective of this work was to evaluate the viability of production of beet cultivars combinations with cowpea cultivars in two cropping years (2016 and 2017) in a semi-arid environment. The treatments arranged in a 2 x 4 factorial scheme, with four replications, consisted of the combination of two beet cultivars (Early Wonder and Fortuna) with four cowpea cultivars (BRS Tumucumaque, BRS Cauamé, BRS Guariba and BRS Itaim), in addition to monocultures of these cultivars, as an additional treatment. The experimental design used was in randomized complete blocks. The production and its components were evaluated in the beet and cowpea. Apart from these characteristics, the following agro-economic indicators were also determined for each treatment: system productivity index (SPI), the land equivalent coefficient (LEC), and the monetary equivalent ratio (MER). The productive variables of cowpea and of the agroeconomic indicators of the intercropping systems were higher in the second cropping year (2017), while the productive variables of beet were higher in the first cropping year (2016). The Early Wonder and Fortuna cultivars when in intercropping with the cowpea cultivars had similar commercial productivities of roots (11.29 and 11.93 t ha-1), respectively. The cowpea cultivar BRS Tumucumaque (1.38 t ha-1) was the most productive when intercropped with beet. The combinations of cultivars that had the highest agro-economic efficiencies and complementarity were those originated from the associations of BRS Tumucumaque (SPI = 18.43, LEC = 0.52 and MER = 1.42) and BRS Guariba (SPI = 18.42, LEC = 0.52 and MER = 1.48) with the Early Wonder beet cultivar. Keywords: Beta vulgaris, Vigna unguiculata, Calotropis procera, crop association, semi-arid environment. a RESUMO: Para a obtenção simultânea de alta produtividade, qualidade do produto e eficiência em associações como a de beterraba e feijãocaupi, é necessário levar em consideração a escolha de combinações de cultivares. Assim, o objetivo deste trabalho foi avaliar a viabilidade de produção de combinações de cultivares de beterraba com cultivares de feijão-caupi em dois anos de cultivos (2016 e 2017), em ambiente semiárido. Os tratamentos dispostos em esquema fatorial 2 x 4, foram provenientes da combinação de duas cultivares de beterraba (Early Wonder e Fortuna) e quatro de feijão-caupi (BRS Tumucumaque, BRS Cauamé, BRS Guariba e BRS Itaim), além dos monocultivos dessas cultivares, como tratamento adicional. O delineamento experimental usado foi em blocos completos casualizados, com quatro repetições. Foram avaliados a produção e seus componentes da beterraba e no feijão-caupi, além dos indicadores agroeconômicos: índice de produtividade do sistema (IPS), coeficiente equivalente de terra (CET) e razão de equivalência monetária (REM). As variáveis produtivas do feijão-caupi e dos indicadores agroeconômicos dos sistemas consorciados foram mais altas no segundo ano agrícola (2017), enquanto que as variáveis produtivas da beterraba foram maiores no primeiro ano agrícola (2016). As cultivares Early Wonder e Fortuna, quando consorciadas com as cultivares de feijão-caupi, apresentaram produtividades comerciais de raízes similares (11,29 e 11,93 t ha-1, respectivamente). A cultivar de feijão-caupi BRS Tumucumaque foi a mais produtiva (1,38 t ha-1), quando consorciada com a beterraba. As combinações de cultivares que apresentaram as maiores eficiências agroeconômicas e complementaridade foram aquelas provenientes das associações de BRS Tumucumaque (IPS = 18,43, CET = 0,52 e REM = 1,42) e BRS Guariba (IPS = 18,42, CET = 0,52 e REM = 1,48) com a cultivar de beterraba Early Wonder. Palavras-chaves: Beta vulgaris, Vigna unguiculata, Calotropis procera, consorciação, semiárido. aBETERRABA aFEIJÃO-DE-CORDA aVARIEDADE aSISTEMA DE CULTIVO aCONSORCIAÇÃO DE CULTURA aPRODUTIVIDADE0 010479357567dBrasília-DF Sociedade de Olericultura do Brasil 1983o2025-5532tHorticultura Brasileira (Brazil)x0102-0536gv. 38(4) p. 445-453; (2020)wBR2025001858 uhttps://www.scielo.br/j/hb/a/MztW9hbJKY8tsw4Dq6Tz8tH/?format=pdf&lang=en cANA c337962d337962